| 000 | 00571nam a2200217Ia 4500 | ||
|---|---|---|---|
| 005 | 20250923145310.0 | ||
| 008 | 008 250917s9999 xx 000 0 eng d | ||
| 037 | _aTextual | ||
| 040 |
_aDSWL _beng _cDSWL |
||
| 041 |
_aeng _2eng |
||
| 084 | _qDSWL | ||
| 100 |
_aMoorthy, M.V. _9833816 |
||
| 245 | 0 |
_aSocial work : Philosophy Methods and Fields _c by M.V. Moorthy |
|
| 250 | _aIst | ||
| 260 |
_aDharwar _bKarnatak University _c1974 |
||
| 300 | _ax,116 p. | ||
| 365 |
_aINR _b8 . 0 |
||
| 925 | _g8 . 0 | ||
| 942 | _cTEXL | ||
| 999 |
_c1449646 _d1449646 |
||